| 000 | 00489nam a2200157Ia 4500 | ||
|---|---|---|---|
| 008 | 210716s2004 xx 000 0 und d | ||
| 020 | _a8178080419 | ||
| 041 | _aeng | ||
| 082 | _a005.368 JALP | ||
| 100 | _aJalote, Pankaj. | ||
| 245 |
_aCmm in practice: processes for executing software projects at infosys. _bProcesses for executing software projects at infosys. |
||
| 250 | _a1 | ||
| 260 |
_aNew Delhi _bPearson Education _c2004 |
||
| 300 | _axv,372 | ||
| 650 | _aSoftware Engineering | ||
| 999 |
_c187028 _d187028 |
||